| Tag |
First Indicator |
Second Indicator |
Subfields |
| LEADER |
00000cam a2200000 4500 |
| 001 |
in00000256331 |
| 005 |
20151010052655.0 |
| 008 |
721019s1958 maubcfh b 00010 eng d |
| 035 |
|
|
|a (OCoLC)00466688
|
| 035 |
|
|
|9 ABC1366AM
|
| 040 |
|
|
|c WSU
|d TXA
|d UtOrBLW
|
| 049 |
|
|
|a TXAM
|c [850628]
|
| 090 |
|
|
|a F67
|b .M6 1958
|
| 100 |
1 |
|
|a Morison, Samuel Eliot,
|d 1887-1976.
|
| 245 |
1 |
0 |
|a Builders of the bay colony /
|c by Samuel Eliot Morison.
|
| 250 |
|
|
|a 2d ed., rev. and enl.
|
| 264 |
|
1 |
|a Boston :
|b Houghton Mifflin,
|c [1958]
|
| 264 |
|
4 |
|c [©1958]
|
| 300 |
|
|
|a vi, 405 pages :
|b frontispiece, plates, portraits, map, facsimiles
|
| 336 |
|
|
|a text
|b txt
|2 rdacontent
|
| 337 |
|
|
|a unmediated
|b n
|2 rdamedia
|
| 338 |
|
|
|a volume
|b nc
|2 rdacarrier
|
| 500 |
|
|
|a Contains biographies of Richard Hakluyt, John Smith, Thomas Morton, John White, John Winthrop, Thomas Shepard, John Hull, Henry Dunster, Nathaniel Ward, Robert Child, John Winthrop, jr., John Eliot and Anne Bradstreet.
|
| 504 |
|
|
|a Bibliography: pages [387]-396.
|
| 536 |
|
|
|a From the Library of Harrison T. Meserole, 2002.
|
| 650 |
|
0 |
|a Puritans.
|
| 651 |
|
0 |
|a Massachusetts
|x History
|y Colonial period, ca. 1600-1775.
|
| 651 |
|
0 |
|a Massachusetts
|v Biography.
|
| 740 |
0 |
|
|a Massachusettensis de conditoribus.
|
| 999 |
|
|
|a MARS
|
| 999 |
f |
f |
|s 4a402dde-a4be-345e-bdbc-07be89a79faf
|i f71fd197-f527-3f39-a7d2-0ade2a7e87f7
|t 0
|
| 952 |
f |
f |
|p ric
|a Texas A&M University
|b Rellis Campus
|c Joint Library Facility
|d Remote Storage
|t 0
|e F67 .M6 1958
|h Library of Congress classification
|i unmediated -- volume
|m A14829842955
|
| 998 |
f |
f |
|a F67 .M6 1958
|t 0
|l Remote Storage
|